El libro de oro de los duques / (Record no. 10316)

MARC details
000 -LEADER
campo de control de longitud fija 00784nam a2200229 i 4500
001 - NÚMERO DE CONTROL
campo de control 10316
003 - IDENTIFICADOR DE NÚMERO DE CONTROL
campo de control ES-MaACL
005 - FECHA Y HORA DE LA ÚLTIMA TRANSACCIÓN
campo de control 20230906145849.0
008 - DATOS DE LONGITUD FIJA--INFORMACIÓN GENERAL
campo de control de longitud fija 950504s1994 sp f |||| |dspa d
020 ## - NÚMERO INTERNACIONAL ESTÁNDAR DEL LIBRO
Número Internacional Estándar del Libro 84-86568-57-9
080 ## - NÚMERO DE LA CLASIFICACIÓN DECIMAL UNIVERSAL
Número de la Clasificación Decimal Universal 929.7
100 1# - ENTRADA PRINCIPAL--NOMBRE DE PERSONA
Nombre de persona Márquez de la Plata, Vicenta María.
9 (RLIN) 77021
245 13 - MENCIÓN DEL TÍTULO
Título El libro de oro de los duques /
Mención de responsabilidad, etc. Vicenta María Márquez de la Plata, Luis Valero de Bernabé.
260 ## - PUBLICACIÓN, DISTRIBUCIÓN, ETC.
Lugar de publicación, distribución, etc. Madrid :
Nombre del editor, distribuidor, etc. Prensa y Ediciones Iberoamericanas,
Fecha de publicación, distribución, etc. D.L. 1994.
300 ## - DESCRIPCIÓN FÍSICA
Extensión 450 p. :
Otras características físicas [16] p. de lám. ;
Dimensiones 23 cm.
490 1# - MENCIÓN DE SERIE
Mención de serie El Persevante Borgoña ;
Designación de volumen o secuencia 11
650 14 - PUNTO DE ACCESO ADICIONAL DE MATERIA--TÉRMINO DE MATERIA
Término de materia o nombre geográfico como elemento de entrada Nobleza-
Subdivisión general España.
9 (RLIN) 15578
700 1# - ENTRADA AGREGADA--NOMBRE PERSONAL
Nombre de persona Valero de Bernabé, Luis.
9 (RLIN) 112666
830 0# - PUNTO DE ACCESO ADICIONAL DE SERIE-TÍTULO UNIFORME
Título uniforme El Persevante Borgoña ;
Designación de volumen o secuencia 11
9 (RLIN) 178469
852 ## - LOCALIZACIÓN
Ubicación ES-MaACL
Número de control de estantería L-17813
Holdings
Estatus retirado Estado de pérdida Estado de daño No para préstamo Biblioteca de origen Biblioteca actual Ubicación en estantería Fecha de adquisición Fuente de adquisición Total de préstamos Signatura topográfica completa Código de barras Visto por última vez Precio de reemplazo Tipo de ítem Koha
        Biblioteca del Ateneo de Madrid Biblioteca del Ateneo de Madrid Depósito 2 17/01/2008     L-17813 1010526 23/02/2023 23/02/2023 Libro impreso